| Tag |
First Indicator |
Second Indicator |
Subfields |
| LEADER |
00000cas a2200000 a 4500 |
| 001 |
in00002811103 |
| 005 |
20151202172431.0 |
| 006 |
m o d |
| 007 |
cr ||||||||||| |
| 008 |
110203d19771979nyuqx poo 0 0eng c |
| 010 |
|
|
|a 2011235376
|
| 019 |
|
|
|a 761208947
|
| 022 |
|
|
|l 2157-1139
|y 2157-1139
|
| 029 |
1 |
|
|a NLGGC
|b 332192393
|
| 029 |
1 |
|
|a NZ1
|b 13985952
|
| 035 |
|
|
|a (OCoLC)ocn700280936
|
| 035 |
|
|
|a (OCoLC)700280936
|z (OCoLC)761208947
|
| 040 |
|
|
|a SHH
|c SHH
|d NUI
|d TOH
|d EYM
|d HUL
|d OCLCE
|d OCLCQ
|d TXA
|d UtOrBLW
|
| 042 |
|
|
|a pcc
|
| 049 |
|
|
|a TXAM
|
| 050 |
|
4 |
|a PM151
|b .A87 Electronic
|
| 082 |
0 |
4 |
|a 897
|
| 110 |
2 |
|
|a Association for Study of American Indian Literatures (U.S.)
|
| 245 |
1 |
0 |
|a Newsletter of the Association for Study of American Indian Literatures.
|
| 246 |
3 |
|
|a Association for Study of American Indian Literatures newsletter
|
| 246 |
1 |
3 |
|a ASAIL newsletter
|
| 264 |
|
1 |
|a New York :
|b Association for Study of American Indian Literatures,
|c 1977-1979.
|
| 310 |
|
|
|a 4 issues yearly,
|b 1978-1979
|
| 321 |
|
|
|a Two issues yearly,
|b 1977
|
| 336 |
|
|
|a text
|b txt
|2 rdacontent
|
| 337 |
|
|
|a computer
|b c
|2 rdamedia
|
| 338 |
|
|
|a online resource
|b cr
|2 rdacarrier
|
| 362 |
1 |
|
|a Began with: New ser., v. 1, no. 1 (spring 1977); ceased with: New ser., v. 3, no. 4 (winter 1979).
|
| 525 |
|
|
|a Supplements accompany some issues.
|
| 588 |
|
|
|a Description based on: New ser., v. 1, no. 1 (spring 1977); title from PDF cover (JSTOR, viewed April 21, 2011).
|
| 588 |
|
|
|a Latest issue consulted: New ser., v. 3, no. 4 (winter 1979) (JSTOR, viewed April 21, 2011).
|
| 500 |
|
|
|a Electronic resource.
|
| 650 |
|
0 |
|a American literature
|x Indian authors
|x History and criticism
|v Periodicals.
|
| 650 |
|
0 |
|a Indian literature
|x History and criticism
|v Periodicals.
|
| 776 |
0 |
8 |
|i Print version:
|a Association for Study of American Indian Literatures (U.S.).
|t Newsletter of the Association for Study of American Indian Literatures
|x 2157-1139
|w (DLC)sc 82005218
|w (OCoLC)5211087
|
| 785 |
0 |
0 |
|t Studies in American Indian literatures (Online)
|x 1548-9590
|w (DLC) 2004214188
|w (OCoLC)54533161
|
| 948 |
|
|
|a cataloged
|b h
|c 2013/1/4
|d c
|e spoltoratski
|f 11:54:16 am
|g sc
|
| 994 |
|
|
|a C0
|b TXA
|
| 999 |
|
|
|a MARS
|
| 999 |
f |
f |
|s 9c4e15ab-6d91-3f33-ac42-d436e6d58835
|i f518cd7c-e4f3-3c46-9e88-1ef7aafdb7c9
|t 0
|
| 952 |
f |
f |
|a Texas A&M University
|b College Station
|c Electronic Resources
|d Available Online
|t 0
|e PM151 .A87
|g Electronic
|h Library of Congress classification
|
| 998 |
f |
f |
|a PM151 .A87
|t 0
|l Available Online
|